William M. Jennings Trophy Winners - Statistics

General Stats
  • This quiz has been taken 40 times
    5 since last reset
  • The average score is 24 of 73
Answer Stats
Year Goals Against Answer % Correct
2016-17 182 Braden Holtby
75%
2024-25 191 Connor Hellebuyck
75%
2023-24 199 Connor Hellebuyck
75%
2007-08 184 Dominik Hasek
75%
2000-01 184 Dominik Hasek
75%
1993-94 218 Dominik Hasek
75%
1993-94 218 Grant Fuhr
75%
2017-18 203 Jonathan Quick
75%
2013-14 174 Jonathan Quick
75%
1982-83 226 Billy Smith
50%
2014-15 189 Carey Price
50%
2007-08 184 Chris Osgood
50%
1995-96 181 Chris Osgood
50%
1998-99 168 Ed Belfour
50%
1994-95 115 Ed Belfour
50%
1992-93 239 Ed Belfour
50%
1990-91 211 Ed Belfour
50%
2020-21 124 Marc-Andre Fleury
50%
2009-10 191 Martin Brodeur
50%
2003-04 164 Martin Brodeur
50%
2002-03 166 Martin Brodeur
50%
1997-98 166 Martin Brodeur
50%
1996-97 182 Martin Brodeur
50%
2005-06 200 Miikka Kiprusoff
50%
2001-02 169 Patrick Roy
50%
1991-92 207 Patrick Roy
50%
1988-89 218 Patrick Roy
50%
1987-88 238 Patrick Roy
50%
1986-87 241 Patrick Roy
50%
2008-09 196 Tim Thomas
50%
2019-20 174 Tuukka Rask
50%
1989-90 232 Andy Moog
25%
2011-12 165 Brian Elliott
25%
1988-89 218 Brian Hayward
25%
1987-88 238 Brian Hayward
25%
1986-87 241 Brian Hayward
25%
2014-15 189 Corey Crawford
25%
2012-13 102 Corey Crawford
25%
2019-20 174 Jaroslav Halak
25%
2011-12 165 Jaroslav Halak
25%
2022-23 177 Jeremy Swayman
25%
2015-16 192 John Gibson
25%
2022-23 177 Linus Ullmark
25%
2025-26 197 Mackenzie Blackwood
25%
1995-96 181 Mike Vernon
25%
2012-13 102 Ray Emery
25%
1989-90 232 Rejean Lemelin
25%
2010-11 185 Roberto Luongo
25%
2020-21 124 Robin Lehner
25%
2018-19 191 Robin Lehner
25%
1982-83 226 Roland Melanson
25%
2025-26 197 Scott Wedgewood
25%
2018-19 191 Thomas Greiss
25%
1984-85 237 Tom Barrasso
25%
1983-84 226 Al Jensen
0%
2021-22 202 Antti Raanta
0%
1985-86 241 Bob Froese
0%
1984-85 237 Bob Sauve
0%
2010-11 185 Cory Schneider
0%
1985-86 241 Darren Jensen
0%
1981-82 223 Denis Herron
0%
2021-22 202 Frederik Andersen
0%
2015-16 192 Frederik Andersen
0%
2008-09 196 Manny Fernandez
0%
2006-07 191 Manny Fernandez
0%
1996-97 182 Mike Dunham
0%
2006-07 191 Nicklas Backstrom
0%
1983-84 226 Pat Riggin
0%
1981-82 223 Rick Wamsley
0%
2002-03 166 Robert Esche
0%
2002-03 166 Roman Cechmanek
0%
1999-00 165 Roman Turek
0%
1998-99 168 Roman Turek
0%
No matching quizzes found
Score Distribution
Percent of People with Each Score
Percentile by Number Answered
Your Score History
You have not taken this quiz since the last reset